000 00603nam a2200193Ia 4500
999 _c3649
_d3649
003 GBCCL
005 20241126110459.0
008 171130b xxu||||| |||| 00| 0 eng d
040 _cgbc
082 _aVER 224.207
_bLUA
100 _aLuaichinthang
_97248
245 _aJawlnei Jeremia Laibu: Bung 21-40 /
_cLuaichinthang
260 _bEvangelical Baptist Convention,
_aNew Lamka:
_c2005
300 _a179p.;
_c20 cm.
440 _aSaptuam' Laisiangthou Hilhchetna
_97247
650 _aBible
_vOld Testament
_xJeremia
_yCommentary
_97249
650 _aSunday School
_vAdult
_97246
942 _e1ST ED
_2ddc
_cBK
_03